Hải Phóng - thành Hoàng và lễ phẩm
Giới thiệu sơ lược về miền đất con người; Lược khảo thành hoàng Hải Phòng. Đề cập đến lễ phẩm dâng thành Hoàng
Đã lưu trong:
| Tác giả chính: | |
|---|---|
| Định dạng: | Sách |
| Năm xuất bản: |
H.
Dân trí
2010
|
| Chủ đề: | |
| Tags: |
Thêm thẻ
Không có thẻ, Hãy là người đầu tiên gắn thẻ bản ghi này!
|
| LEADER | 00688nam a2200157 4500 | ||
|---|---|---|---|
| 082 | |a 398.9059735 |b NG450Đ | ||
| 100 | |a Ngô Đăng Lợi | ||
| 245 | |a Hải Phóng - thành Hoàng và lễ phẩm |c Ngô Đăng Lợi | ||
| 260 | |a H. |b Dân trí |c 2010 | ||
| 300 | |a 219 tr. |c 21 cm | ||
| 520 | |a Giới thiệu sơ lược về miền đất con người; Lược khảo thành hoàng Hải Phòng. Đề cập đến lễ phẩm dâng thành Hoàng | ||
| 653 | |a Văn hoá dân gian | ||
| 653 | |a Hải Phòng | ||
| 942 | |2 ddc |c SH | ||
| 999 | |c 7950 |d 7950 | ||
| 952 | |0 0 |1 0 |2 ddc |4 0 |6 398_905973500000000_NG450Đ |7 0 |8 300 |9 68980 |a qbu |b qbu |c D2 |d 2015-03-30 |o 398.9059735 NG450Đ |p 7649.c1 |r 0000-00-00 |w 2015-03-30 |y SH | ||